[Event "Miedzynarodowe Szachowe Lato w Poznaniu "]
[Site "Wyzsza Szkola Umiejetnosci Spo"]
[Date "2012.??.18"]
[Round "5.1"]
[White "Choroszej, Aleksander"]
[Black "Meczynski, Waldemar"]
[Result "1/2-1/2"]
[WhiteElo "2085"]
[BlackElo "2153"]
[PlyCount "112"]
[EventDate "2012.??.??"]

1. d4 Nf6 2. c4 e6 3. Nc3 Bb4 4. f3 O-O 5. a3 Bxc3+ 6. bxc3 d6 7. e3 Nbd7 8.
Bd3 e5 9. Ne2 Re8 10. Ng3 d5 11. cxd5 Nxd5 12. O-O c6 13. Qc2 h6 14. Kh1 exd4
15. exd4 Qc7 16. f4 N7f6 17. c4 Ne3 18. Bxe3 Rxe3 19. Qd2 Re8 20. Rae1 Be6 21.
Ne4 Nxe4 22. Rxe4 Bd7 23. Rfe1 Rxe4 24. Bxe4 Re8 25. g3 Qd6 26. Re3 Kf8 27. Bf3
Rxe3 28. Qxe3 Qe7 29. Qxe7+ Kxe7 30. Kg1 Bf5 31. Kf2 Bd3 32. c5 Bc4 33. Ke3 Ke6
34. Bg4+ f5 35. Bh3 Bd5 36. Bf1 b6 37. cxb6 axb6 38. Bd3 Bg2 39. Bc4+ Bd5 40.
Bd3 Bg2 41. Bc4+ Kd6 42. Bd3 Bh3 43. Bc2 Ke6 44. Bd3 Kd6 45. Bc2 Ke7 46. Kd3
Bg4 47. Kc3 Kd6 48. Kd3 c5 49. dxc5+ Kxc5 50. Kc3 g5 51. Bb3 gxf4 52. gxf4 Bh3
53. Be6 h5 54. Kd3 h4 55. Kc3 Bg4 56. Kd3 Bh3 1/2-1/2

[Event "Miedzynarodowe Szachowe Lato w Poznaniu "]
[Site "Wyzsza Szkola Umiejetnosci Spo"]
[Date "2012.??.??"]
[Round "5.2"]
[White "Malaniuk, Vladimir"]
[Black "Bajerlein, Dawid"]
[Result "1-0"]
[WhiteElo "2508"]
[BlackElo "2048"]
[PlyCount "75"]
[EventDate "2012.??.??"]

1. d4 Nf6 2. Nf3 c5 3. d5 e6 4. c4 exd5 5. cxd5 d6 6. Nc3 g6 7. Bf4 Bg7 8. Qa4+
Bd7 9. Qb3 Qc7 10. h3 O-O 11. e3 a6 12. a4 Bf5 13. Nd2 Re8 14. g4 Bxg4 15. hxg4
Nxg4 16. Nc4 Ne5 17. Qb6 Qxb6 18. Nxb6 Ra7 19. Bxe5 Bxe5 20. Ke2 Rd8 21. Bh3 f5
22. e4 Nd7 23. Nxd7 Rxd7 24. exf5 gxf5 25. Bxf5 Rg7 26. a5 Ra8 27. Rag1 h6 28.
Rxg7+ Kxg7 29. Rg1+ Kf6 30. Be6 Bxc3 31. bxc3 Rh8 32. Rg8 Rh7 33. Ke3 h5 34.
Rd8 h4 35. Rxd6 h3 36. Bg8+ Kg7 37. Bxh7 h2 38. Be4 1-0

[Event "Miedzynarodowe Szachowe Lato w Poznaniu "]
[Site "Wyzsza Szkola Umiejetnosci Spo"]
[Date "2012.??.??"]
[Round "5.3"]
[White "Plichta, Kamil"]
[Black "Niekras, Dawid"]
[Result "1-0"]
[WhiteElo "2189"]
[BlackElo "1912"]
[PlyCount "61"]
[EventDate "2012.??.??"]

1. d4 Nf6 2. c4 e6 3. Nc3 d5 4. cxd5 Nxd5 5. e4 Nxc3 6. bxc3 c5 7. a3 cxd4 8.
cxd4 Nc6 9. Nf3 Be7 10. Bd3 O-O 11. Bb2 Qa5+ 12. Kf1 Rd8 13. Qe2 Qh5 14. Rd1
Bf8 15. h4 Ne7 16. g4 Qxg4 17. h5 e5 18. Rh4 Qe6 19. d5 Qb6 20. Nxe5 Bd7 21. d6
Qxd6 22. Nxf7 Qb6 23. Nxd8 Rxd8 24. Bc4+ Kh8 25. Rxd7 Rxd7 26. Rf4 Qd8 27. Qf3
Rd1+ 28. Kg2 Ng6 29. hxg6 Bc5 30. Bxg7+ Kxg7 31. Rf7+ 1-0

[Event "Miedzynarodowe Szachowe Lato w Poznaniu "]
[Site "Wyzsza Szkola Umiejetnosci Spo"]
[Date "2012.??.18"]
[Round "5.5"]
[White "Dzwikowski, Adam"]
[Black "Gajzner, Ryszard"]
[Result "1-0"]
[WhiteElo "2008"]
[BlackElo "1738"]
[PlyCount "78"]
[EventDate "2012.??.??"]

1. Nf3 Nf6 2. g3 g6 3. Bg2 Bg7 4. d4 O-O 5. c4 d6 6. O-O Nbd7 7. Nc3 c6 8. b3
Re8 9. Bb2 e5 10. Qc2 e4 11. Ng5 d5 12. cxd5 cxd5 13. Nb5 h6 14. Nh3 Re6 15.
Qc7 Re8 16. Rac1 a6 17. Nd6 Qxc7 18. Rxc7 Rd8 19. Rfc1 Ne8 20. Nxb7 Nxc7 21.
Nxd8 Nb5 22. Nc6 Bf8 23. a4 Nd6 24. Nf4 Nf6 25. e3 g5 26. Ne2 Bg4 27. Nc3 Bd7
28. Ne5 Be8 29. Ba3 Rb8 30. b4 Nc8 31. a5 Na7 32. Bf1 Nb5 33. Nxb5 axb5 34. Bh3
Bd6 35. Bc8 Bxe5 36. dxe5 Nd7 37. Bb2 Kf8 38. Bd4 Ke7 39. a6 Nb6 1-0

[Event "Miedzynarodowe Szachowe Lato w Poznaniu "]
[Site "Wyzsza Szkola Umiejetnosci Spo"]
[Date "2012.??.18"]
[Round "5.6"]
[White "Leszczynski, Hubert"]
[Black "Hemmerling, Jaroslaw"]
[Result "0-1"]
[WhiteElo "1846"]
[BlackElo "1964"]
[PlyCount "74"]
[EventDate "2012.??.??"]

1. e4 c5 2. b4 cxb4 3. d4 d5 4. e5 Nc6 5. a3 Qb6 6. Nf3 Bg4 7. Be3 Nh6 8. Bd3
g6 9. axb4 Nxb4 10. Nc3 Bxf3 11. gxf3 Nxd3+ 12. Qxd3 Qc6 13. Kd2 a6 14. Rhb1 e6
15. Rb3 Nf5 16. Nb5 Rb8 17. Na7 Qc7 18. Bg5 Be7 19. Bxe7 Nxe7 20. Rb4 O-O 21.
Qb3 Rfd8 22. Rb6 Kg7 23. Rb1 Rd7 24. h4 h5 25. f4 Ra8 26. Rxb7 Qa5+ 27. c3 Rxa7
28. Rb8 Rd8 29. Rb6 Nf5 30. Rb2 Nxd4 31. Qb4 Qxb4 32. R2xb4 Nf5 33. Ra4 a5 34.
Rbb4 Rda8 35. Kd3 Nxh4 36. c4 dxc4+ 37. Kxc4 Nf5 0-1

[Event "Miedzynarodowe Szachowe Lato w Poznaniu "]
[Site "Wyzsza Szkola Umiejetnosci Spo"]
[Date "2012.??.18"]
[Round "5.7"]
[White "Bednarska-bzdega, Malgorzata"]
[Black "Chojnacki, Tomasz"]
[Result "1-0"]
[WhiteElo "2138"]
[BlackElo "1889"]
[PlyCount "111"]
[EventDate "2012.??.??"]

1. e4 c6 2. d4 d5 3. exd5 cxd5 4. c4 Nf6 5. Nc3 e6 6. Nf3 Bb4 7. Bd2 O-O 8.
cxd5 Nxd5 9. Bd3 Nc6 10. O-O Be7 11. a3 Bf6 12. Be3 Nce7 13. Qc2 Nf5 14. Nxd5
Qxd5 15. Bxf5 exf5 16. Rfd1 Re8 17. Bg5 Bxg5 18. Nxg5 h6 19. Nf3 Re4 20. Rac1
Be6 21. Qd3 Rc8 22. h3 g5 23. Rc5 Rxc5 24. dxc5 Qxc5 25. Qd8+ Qf8 26. Qc7 Qg7
27. Qxb7 g4 28. hxg4 Rxg4 29. Nh2 Rd4 30. Qb8+ Kh7 31. Rxd4 Qxd4 32. Nf3 Qc5
33. Qe5 Qxe5 34. Nxe5 Kg7 35. b4 Kf6 36. Nc6 a6 37. f4 Bb3 38. Kf2 Ba4 39. Nd4
Kg6 40. Ke3 f6 41. Ne6 Bc6 42. g3 Kh5 43. Nc5 Kg4 44. Kf2 Bb5 45. a4 Bc6 46.
Nxa6 Bxa4 47. Nc7 h5 48. Nd5 h4 49. Nxf6+ Kh3 50. gxh4 Kxh4 51. Nd5 Kh5 52. Nc3
Bd7 53. b5 Kg6 54. b6 Bc6 55. Na4 Bxa4 56. b7 1-0

[Event "Miedzynarodowe Szachowe Lato w Poznaniu "]
[Site "Wyzsza Szkola Umiejetnosci Spo"]
[Date "2012.??.18"]
[Round "5.8"]
[White "Glatty, Zbigniew"]
[Black "Zakrzewski, Marek"]
[Result "0-1"]
[WhiteElo "1929"]
[BlackElo "2112"]
[PlyCount "98"]
[EventDate "2012.??.??"]

1. d4 Nf6 2. Nf3 c5 3. c4 cxd4 4. Nxd4 Nc6 5. Nc3 e6 6. Ndb5 d5 7. Bg5 d4 8.
Nb1 a6 9. N5a3 Qb6 10. Qb3 Qxb3 11. axb3 Na5 12. Nd2 Bb4 13. O-O-O Bxd2+ 14.
Bxd2 Nxb3+ 15. Kc2 Nxd2 16. Kxd2 Bd7 17. f3 O-O-O 18. e3 Ba4 19. Rc1 dxe3+ 20.
Kxe3 Rd7 21. Be2 Rhd8 22. Nb1 Kc7 23. Rc3 Kb6 24. b3 Bc6 25. b4 e5 26. Rd3 Nh5
27. Rxd7 Rxd7 28. Rc1 Nf4 29. Bf1 Rd4 30. Nc3 f5 31. Ne2 Rd3+ 32. Kf2 Rd2 33.
Ke3 Rd3+ 34. Kf2 Rd2 35. Ke3 Nxe2 36. Kxd2 Nxc1 37. Kxc1 Bd7 38. Kd2 Kc6 39.
Kc3 Bc8 40. c5 Be6 41. Bd3 g6 42. Bc2 Kb5 43. Bd3+ Ka4 44. Bc2+ Ka3 45. Bd1 Bd5
46. Be2 Bc6 47. h4 e4 48. fxe4 fxe4 49. g4 Bb5 0-1

[Event "Miedzynarodowe Szachowe Lato w Poznaniu "]
[Site "Wyzsza Szkola Umiejetnosci Spo"]
[Date "2012.??.18"]
[Round "5.9"]
[White "Stachowiak, Slawomir"]
[Black "Trzeciakiewicz, Michal"]
[Result "1-0"]
[WhiteElo "2026"]
[BlackElo "1498"]
[PlyCount "111"]
[EventDate "2012.??.??"]

1. e4 e5 2. Nf3 Nc6 3. Bb5 a6 4. Ba4 Nf6 5. O-O b5 6. Bb3 Bc5 7. d3 O-O 8. Bg5
h6 9. Bh4 Na5 10. Nc3 Nxb3 11. axb3 d6 12. Nxb5 Bg4 13. Nc3 g5 14. Bg3 Nh5 15.
Nd5 f5 16. exf5 Rxf5 17. Ne3 Bxe3 18. fxe3 Nxg3 19. hxg3 Qf8 20. Rf2 Qf7 21. e4
Rf6 22. Qd2 Rf8 23. Raf1 c5 24. Qe3 Bxf3 25. Rxf3 Rxf3 26. gxf3 g4 27. Qxh6
gxf3 28. Qg5+ Kh8 29. Rf2 Qh7 30. Qh4 Kg7 31. Qxh7+ Kxh7 32. Rh2+ Kg6 33. Kf2
Kg5 34. Rh7 Rf6 35. Rg7+ Kh5 36. Ra7 Kg4 37. Ra8 c4 38. Rh8 a5 39. Rh7 Kg5 40.
Rh3 Kg4 41. Rh8 Kg5 42. Rg8+ Kh5 43. Rg7 Rg6 44. Rh7+ Kg5 45. Rb7 Kg4 46. Rd7
Rf6 47. Rd8 Kh5 48. Re8 Kg6 49. Rg8+ Kh5 50. g4+ Kh4 51. g5 Rf4 52. Rg6 Rf7 53.
Rxd6 Kxg5 54. Re6 Kf4 55. Rh6 Rf8 56. Rh3 1-0

[Event "Miedzynarodowe Szachowe Lato w Poznaniu "]
[Site "Wyzsza Szkola Umiejetnosci Spo"]
[Date "2012.??.??"]
[Round "5.10"]
[White "Pawlicki, Dariusz"]
[Black "Kaluzny, Wlodzimierz"]
[Result "0-1"]
[WhiteElo "1708"]
[BlackElo "2006"]
[PlyCount "107"]
[EventDate "2012.??.??"]

1. d4 d5 2. c4 e6 3. Nf3 c6 4. e3 f5 5. Ne5 Nf6 6. Be2 Bd6 7. f4 O-O 8. Nc3
Nbd7 9. O-O Ne4 10. Nxe4 fxe4 11. c5 Nxe5 12. fxe5 Be7 13. a4 Bd7 14. b4 b6 15.
Rb1 a5 16. Bd2 axb4 17. Bxb4 bxc5 18. Bxc5 Rxf1+ 19. Bxf1 Bxc5 20. dxc5 Qa5 21.
Rb7 Bc8 22. Rb6 Qxc5 23. Qd4 Qc1 24. Qb4 Qxe3+ 25. Kh1 Qf4 26. Kg1 Qf8 27.
Qxf8+ Kxf8 28. Rxc6 Bd7 29. Rd6 Bxa4 30. Rxe6 Rd8 31. Ra6 Be8 32. Kf2 d4 33. g4
d3 34. Rd6 Rxd6 35. exd6 g5 36. Ke3 Bg6 37. h4 h6 38. hxg5 hxg5 39. Kd4 Ke8 40.
Ke3 Kd7 41. Kd4 Kxd6 42. Ke3 Ke5 43. Bg2 Kd5 44. Bf1 Kc4 45. Kd2 Kd4 46. Bg2
e3+ 47. Kd1 Bf7 48. Bf3 Bd5 49. Be2 dxe2+ 50. Kxe2 Ke4 51. Kf1 Kf3 52. Ke1 Kxg4
53. Ke2 Kf4 54. Ke1 0-1

[Event "Miedzynarodowe Szachowe Lato w Poznaniu "]
[Site "Wyzsza Szkola Umiejetnosci Spo"]
[Date "2012.??.18"]
[Round "5.11"]
[White "Wasiak, Stanislaw"]
[Black "Andrzejewska, Anna"]
[Result "1/2-1/2"]
[WhiteElo "1801"]
[BlackElo "1980"]
[PlyCount "122"]
[EventDate "2012.??.??"]

1. c4 c6 2. g3 d5 3. cxd5 cxd5 4. Nf3 Nf6 5. Bg2 Nc6 6. O-O Bf5 7. d3 h6 8. Qa4
Bd7 9. Qb3 Na5 10. Qd1 e6 11. Nc3 Qc7 12. Bf4 Bd6 13. Bxd6 Qxd6 14. Qd2 O-O 15.
Nd4 Qb6 16. Nf3 Rfd8 17. e3 Rac8 18. Ne5 Be8 19. Ne2 Nd7 20. Nxd7 Rxd7 21. Rfc1
Rdc7 22. Rxc7 Rxc7 23. Rc1 Rxc1+ 24. Qxc1 Bd7 25. Qc3 Nc6 26. d4 Qa6 27. Nc1
Qc4 28. Bf1 Qxc3 29. bxc3 Na5 30. Bd3 f6 31. e4 dxe4 32. Bxe4 Bc6 33. f3 Kf7
34. Kf2 Ke7 35. Bxc6 Nxc6 36. Ke3 Kd6 37. Nd3 Ne7 38. c4 b6 39. g4 Nc6 40. f4
Na5 41. Nb2 g6 42. h3 Nc6 43. a3 Na5 44. a4 Nb3 45. h4 Na5 46. Ke4 Nc6 47. Nd3
Ne7 48. Ke3 Nc6 49. Nf2 e5 50. Ne4+ Ke7 51. fxe5 fxe5 52. d5 Nd4 53. Nc3 a6 54.
Na2 Nb3 55. Nb4 Nc5 56. a5 bxa5 57. Nc6+ Kf6 58. Nxa5 h5 59. gxh5 gxh5 60. Nc6
Kf5 61. Kf3 Na4 1/2-1/2

[Event "Miedzynarodowe Szachowe Lato w Poznaniu "]
[Site "Wyzsza Szkola Umiejetnosci Spo"]
[Date "2012.??.18"]
[Round "5.12"]
[White "Kozlowski, Tomasz"]
[Black "Kaczmarek, Piotr"]
[Result "0-1"]
[WhiteElo "1967"]
[BlackElo "1832"]
[PlyCount "77"]
[EventDate "2012.??.??"]

1. b3 e5 2. Bb2 Nc6 3. e3 Nf6 4. Bb5 e4 5. d4 a6 6. Bxc6 dxc6 7. c4 Bf5 8. Nc3
h6 9. Qc2 Bh7 10. Nge2 Bb4 11. O-O-O Qe7 12. Nb1 c5 13. dxc5 Bxc5 14. Nf4 c6
15. Bxf6 Qxf6 16. Qc3 Qxc3+ 17. Nxc3 Rd8 18. Rxd8+ Kxd8 19. Nh5 Ke7 20. g4 g6
21. Nf4 f5 22. gxf5 gxf5 23. Rd1 Bd6 24. Nce2 Rg8 25. Kc2 h5 26. h3 h4 27. Rg1
Rxg1 28. Nxg1 Kf6 29. Nge2 Bg8 30. Ng2 Kg5 31. Nd4 f4 32. exf4+ Bxf4 33. Kd1
Be5 34. f4+ Bxf4 35. c5 Be5 36. Nc2 Be6 37. Nge3 Bxh3 38. Nc4 Bg3 39. Na5 0-1

[Event "Miedzynarodowe Szachowe Lato w Poznaniu "]
[Site "Wyzsza Szkola Umiejetnosci Spo"]
[Date "2012.??.18"]
[Round "5.13"]
[White "Rydlewski, Marek"]
[Black "Gospodarczyk, Roman"]
[Result "0-1"]
[WhiteElo "1570"]
[BlackElo "1951"]
[PlyCount "92"]
[EventDate "2012.??.??"]

1. e4 e6 2. d4 d5 3. Nc3 Nf6 4. Bg5 Be7 5. e5 Nfd7 6. Bxe7 Qxe7 7. Qd2 O-O 8.
f4 f6 9. exf6 Nxf6 10. Bd3 c5 11. dxc5 Qxc5 12. O-O-O Nc6 13. h3 Nh5 14. Nge2
Nb4 15. Rhf1 b6 16. a3 Nxd3+ 17. Qxd3 a5 18. g4 Ba6 19. Qd4 Qxd4 20. Rxd4 e5
21. Rxd5 Nxf4 22. Nxf4 Bxf1 23. Ne6 Rf6 24. Ng5 h6 25. Nge4 Rc6 26. h4 Bg2 27.
Kd2 Rf8 28. Ke3 Rf7 29. Ke2 Rf4 30. Rd8+ Kh7 31. Nf2 e4 32. Nd5 Rf7 33. Ne3
Bf3+ 34. Ke1 Rcc7 35. Kd2 Rfe7 36. c3 Rcd7+ 37. Rxd7 Rxd7+ 38. Ke1 g6 39. Nc2
Kg7 40. Nd4 Kf6 41. Kd2 Ke5 42. Ke3 a4 43. Nb5 Rd5 44. Nd4 g5 45. h5 Rxd4 46.
cxd4+ Kd5 0-1

[Event "Miedzynarodowe Szachowe Lato w Poznaniu "]
[Site "Wyzsza Szkola Umiejetnosci Spo"]
[Date "2012.??.18"]
[Round "5.14"]
[White "Wojciechowski, Antoni"]
[Black "Kozlowska, Marzena"]
[Result "0-1"]
[WhiteElo "1521"]
[BlackElo "1920"]
[PlyCount "94"]
[EventDate "2012.??.??"]

1. e4 d5 2. exd5 Qxd5 3. Nc3 Qa5 4. Bc4 c6 5. d4 Nf6 6. Nf3 Bg4 7. Qe2 e6 8.
Qe5 Bb4 9. Bd2 Bxf3 10. Qxa5 Bxa5 11. gxf3 Nd5 12. Bxd5 cxd5 13. Na4 Bxd2+ 14.
Kxd2 Nc6 15. c3 Na5 16. Nc5 Rc8 17. Kc2 b6 18. Nb3 Nc4 19. Nd2 Nd6 20. Kd3 Ke7
21. Rhg1 g6 22. Rae1 Kf6 23. Re5 Nf5 24. Rg4 h5 25. Rg1 h4 26. h3 Rh5 27. Rg2
Rg5 28. Rg4 Rh5 29. Rg1 Ng7 30. Rxh5 Nxh5 31. Ke3 g5 32. Nf1 Nf4 33. Rh1 e5 34.
Nh2 exd4+ 35. Kxd4 Rc4+ 36. Ke3 Ke6 37. Ng4 f5 38. Nh6 Rc8 39. Kd4 Rh8 40. Nxf5
Kxf5 41. Re1 Nxh3 42. Re5+ Kf4 43. Rxd5 Nxf2 44. Rd7 h3 45. Rxa7 h2 46. Rf7+
Kg3 47. Rf5 h1=Q 0-1

[Event "Miedzynarodowe Szachowe Lato w Poznaniu "]
[Site "Wyzsza Szkola Umiejetnosci Spo"]
[Date "2012.??.18"]
[Round "5.15"]
[White "Opolski, Wojciech"]
[Black "Nowak, Mikolaj"]
[Result "0-1"]
[WhiteElo "1682"]
[BlackElo "1572"]
[PlyCount "78"]
[EventDate "2012.??.??"]

1. d4 d5 2. c4 e6 3. Nc3 Nf6 4. Bg5 Be7 5. Nf3 O-O 6. e3 b6 7. Ne5 Bb7 8. f3
Nbd7 9. Bd3 h6 10. Bh4 c5 11. O-O Nxe5 12. dxe5 Nd7 13. Bg3 Bh4 14. f4 Bxg3 15.
hxg3 a6 16. Qg4 Qc7 17. Rad1 Rad8 18. cxd5 exd5 19. Bf5 Qc6 20. Nxd5 Kh8 21.
Be4 Qe6 22. Qf3 Bxd5 23. Bxd5 Qe7 24. g4 Kg8 25. Qe4 Rfe8 26. Bc6 Rf8 27. Rd6
Nf6 28. Qd3 Nxg4 29. g3 h5 30. Rd1 Rb8 31. Bd7 Nh6 32. Qd5 Kh8 33. Qf3 Rfd8 34.
Qxh5 Rb7 35. Qh3 b5 36. g4 Rbxd7 37. Rxd7 Rxd7 38. Re1 Qe6 39. Qf3 Qxg4+ 0-1

[Event "Miedzynarodowe Szachowe Lato w Poznaniu "]
[Site "Wyzsza Szkola Umiejetnosci Spo"]
[Date "2012.??.18"]
[Round "5.19"]
[White "Okonek, Wojciech"]
[Black "Palasz, Michal"]
[Result "0-1"]
[WhiteElo "1541"]
[BlackElo "1708"]
[PlyCount "78"]
[EventDate "2012.??.??"]

1. c4 e5 2. Nc3 Nc6 3. g3 g6 4. Bg2 Bg7 5. e3 d6 6. Nge2 Nge7 7. d4 exd4 8.
exd4 h5 9. O-O h4 10. d5 Ne5 11. b3 Bd7 12. Bb2 Qc8 13. Nd4 Bh3 14. Nf3 Bxg2
15. Kxg2 hxg3 16. fxg3 Qh3+ 17. Kf2 Ng4+ 18. Ke2 Qg2+ 19. Kd3 Qxb2 20. Qd2
Qxd2+ 21. Kxd2 O-O-O 22. Rae1 Nxh2 23. Nxh2 Rxh2+ 24. Kd1 Nf5 25. Ne4 Rxa2 26.
g4 Ra1+ 27. Kd2 Rxe1 28. Rxe1 Nd4 29. Rf1 f5 30. gxf5 gxf5 31. Ng5 Bh6 32. Kd3
Bxg5 33. Kxd4 Rf8 34. Rf3 Bf6+ 35. Ke3 f4+ 36. Ke4 Be5 37. Rh3 f3 38. Rxf3 Rxf3
39. Kxf3 c6 0-1

[Event "Miedzynarodowe Szachowe Lato w Poznaniu "]
[Site "Wyzsza Szkola Umiejetnosci Spo"]
[Date "2012.??.??"]
[Round "5.20"]
[White "Pawlowski, Rafal"]
[Black "Kupsik, Joanna"]
[Result "0-1"]
[WhiteElo "1507"]
[BlackElo "1683"]
[PlyCount "90"]
[EventDate "2012.??.??"]

1. e4 e5 2. Nf3 Nc6 3. Bb5 Bc5 4. O-O d6 5. h3 Bd7 6. c3 Nf6 7. d4 exd4 8. cxd4
Bb6 9. e5 dxe5 10. dxe5 Ne4 11. Qd5 Ng3 12. Rd1 Qe7 13. Bg5 Qe6 14. Nc3 h6 15.
Qxe6+ Bxe6 16. Bf4 Nf5 17. Bxc6+ bxc6 18. g4 Ne7 19. Nd4 Bc4 20. b3 Ba6 21. e6
Rd8 22. exf7+ Kxf7 23. Nf3 Rhf8 24. Rxd8 Rxd8 25. Rd1 Rxd1+ 26. Nxd1 Ng6 27.
Ne5+ Nxe5 28. Bxe5 g6 29. Kg2 Bd3 30. Nb2 Bb1 31. a3 a5 32. b4 axb4 33. axb4
Ke6 34. f4 Bc2 35. h4 h5 36. g5 Kd5 37. Kf3 c5 38. bxc5 Kxc5 39. Bc3 Kd5 40.
Be5 c5 41. Ke2 Ba5 42. Nd1 Bxd1+ 43. Kxd1 Ke4 44. Bd6 c4 45. Kc2 Be1 0-1

[Event "Miedzynarodowe Szachowe Lato w Poznaniu "]
[Site "Wyzsza Szkola Umiejetnosci Spo"]
[Date "2012.??.??"]
[Round "5.22"]
[White "Piasecki, Andrzej"]
[Black "Chojnacki, Wojciech"]
[Result "0-1"]
[WhiteElo "1322"]
[BlackElo "1545"]
[PlyCount "96"]
[EventDate "2012.??.??"]

1. h3 e5 2. e3 d5 3. b3 g6 4. Ba3 Bxa3 5. Nxa3 Qe7 6. Qc1 a6 7. c4 d4 8. g4
dxe3 9. dxe3 Qb4+ 10. Ke2 Bd7 11. Nc2 Qc3 12. Rb1 Bc6 13. f3 e4 14. Qb2 exf3+
15. Nxf3 Qxb2 16. Rxb2 Nd7 17. Ncd4 Be4 18. Rg1 Nc5 19. Nd2 O-O-O 20. Nxe4 Nxe4
21. Bg2 Ngf6 22. Bxe4 Nxe4 23. b4 Rhe8 24. Kf3 c5 25. bxc5 Nxc5 26. Rd2 Ne4 27.
Rd3 Nc5 28. Rd2 Rd7 29. Nb3 Nd3 30. Rb1 Ne5+ 31. Kf4 Nxc4 32. Rxd7 Kxd7 33.
Nc5+ Kc6 34. Ne4 Rxe4+ 35. Kxe4 Nd2+ 36. Ke5 Nxb1 37. Kf6 Nc3 38. Kxf7 Nxa2 39.
e4 b5 40. e5 Nc3 41. Kg7 b4 42. Kxh7 b3 43. Kxg6 b2 44. h4 b1=Q+ 45. Kh6 Qb4
46. h5 Qf4+ 47. g5 Qxe5 48. Kg6 Ne4 0-1

[Event "Miedzynarodowe Szachowe Lato w Poznaniu "]
[Site "Wyzsza Szkola Umiejetnosci Spo"]
[Date "2012.??.??"]
[Round "5.23"]
[White "Hoffmann, Piotr"]
[Black "Zielewicz, Piotr"]
[Result "1-0"]
[WhiteElo "1726"]
[BlackElo "1755"]
[PlyCount "74"]
[EventDate "2012.??.??"]

1. Nc3 Nf6 2. e4 d6 3. d4 g6 4. Nf3 Bg7 5. Be2 O-O 6. O-O Nc6 7. d5 Nb8 8. Bg5
h6 9. Bh4 c5 10. Nd2 e5 11. dxe6 Bxe6 12. f4 Qb6 13. f5 Bd7 14. Nc4 Qc6 15.
Nxd6 a6 16. e5 Ne8 17. Bf3 Qb6 18. Nd5 Qxb2 19. fxg6 Nxd6 20. exd6 Qxa1 21.
gxf7+ Kh8 22. Qxa1 Bxa1 23. Rxa1 Rxf7 24. Bf6+ Kg8 25. Bh5 Nc6 26. Bxf7+ Kxf7
27. Rf1 Kg6 28. Bc3 Bf5 29. Ne3 Bd7 30. Rf6+ Kg5 31. Nd5 Nd4 32. Bd2+ Kh5 33.
Rxh6+ Kg4 34. Nf6+ Kf5 35. Nxd7 Rd8 36. Nxc5 Nxc2 37. d7 b6 1-0

[Event "Miedzynarodowe Szachowe Lato w Poznaniu "]
[Site "Wyzsza Szkola Umiejetnosci Spo"]
[Date "2012.??.??"]
[Round "5.25"]
[White "Bladoszewski, Kamil"]
[Black "Szymenderski, Michal"]
[Result "1-0"]
[WhiteElo "1416"]
[BlackElo "1540"]
[PlyCount "75"]
[EventDate "2012.??.??"]

1. e4 e6 2. d4 d5 3. exd5 exd5 4. Bd3 Nf6 5. Bg5 Be7 6. Nf3 Bg4 7. Nbd2 Nc6 8.
c3 O-O 9. O-O Ne4 10. Bxe7 Qxe7 11. Re1 f5 12. Qb3 Qd6 13. Bxe4 fxe4 14. Nxe4
Qd7 15. Nc5 Qf5 16. Re3 Na5 17. Qb5 Nc4 18. Re2 Bxf3 19. gxf3 Qxf3 20. Rae1 Nd6
21. Qd7 Qf7 22. Qxf7+ Rxf7 23. Re7 Rxe7 24. Rxe7 Kf8 25. Rxc7 Re8 26. Nxb7 Nc4
27. b3 Nd2 28. Nd6 Nf3+ 29. Kg2 Ne1+ 30. Kg3 Re2 31. Rc8+ Ke7 32. Re8+ Kxd6 33.
Rxe2 Nd3 34. c4 dxc4 35. bxc4 Nc1 36. c5+ Kd5 37. Rc2 Nd3 38. c6 1-0

[Event "Miedzynarodowe Szachowe Lato w Poznaniu "]
[Site "Wyzsza Szkola Umiejetnosci Spo"]
[Date "2012.??.??"]
[Round "5.26"]
[White "Gajewski, Wojciech"]
[Black "Choremski, Slawomir"]
[Result "0-1"]
[WhiteElo "1491"]
[BlackElo "1467"]
[PlyCount "70"]
[EventDate "2012.??.??"]

1. Nf3 Nf6 2. g3 d5 3. Bg2 Bg4 4. d3 Nbd7 5. O-O e6 6. Nbd2 Be7 7. Re1 O-O 8.
h3 Bh5 9. b3 c5 10. c4 d4 11. Ne5 Rb8 12. Ne4 b6 13. Nxf6+ Nxf6 14. Nf3 Nd7 15.
g4 Bg6 16. Bf4 f5 17. gxf5 Rxf5 18. Bg3 e5 19. e3 Bd6 20. exd4 cxd4 21. Nh4 Rf6
22. Nxg6 Rxg6 23. Qf3 Qc7 24. a3 Rf8 25. Qd5+ Kh8 26. b4 a6 27. Qc6 Qd8 28. Qe4
Rg5 29. Qc6 Rg6 30. Qe4 Nf6 31. Qb7 Nh5 32. Be4 Rh6 33. Kh2 Nxg3 34. fxg3 Qg5
35. Re2 Qh5 0-1

[Event "Miedzynarodowe Szachowe Lato w Poznaniu "]
[Site "Wyzsza Szkola Umiejetnosci Spo"]
[Date "2012.??.??"]
[Round "5.29"]
[White "Stoklosa, Stanislaw"]
[Black "Choremska, Zuzanna"]
[Result "0-1"]
[WhiteElo "1318"]
[BlackElo "1384"]
[PlyCount "70"]
[EventDate "2012.??.??"]

1. e4 e5 2. Nf3 Nc6 3. Bb5 a6 4. Bxc6 dxc6 5. d3 Bd6 6. O-O h6 7. d4 Bg4 8.
dxe5 Bxf3 9. Qxf3 Bxe5 10. Nc3 Nf6 11. Rd1 Nd7 12. Be3 O-O 13. Qg4 Nf6 14. Rxd8
Nxg4 15. Rxf8+ Rxf8 16. Bc5 Bxh2+ 17. Kh1 Bd6 18. Bxd6 cxd6 19. f3 Ne3 20. Rc1
Rd8 21. Kg1 Nc4 22. b3 Nb6 23. Rd1 d5 24. Ne2 Rd7 25. exd5 Rxd5 26. Rxd5 Nxd5
27. c4 Nc7 28. Nd4 Ne6 29. Nxe6 fxe6 30. Kf2 Kf7 31. Ke3 e5 32. Ke4 Ke6 33. a4
a5 34. c5 h5 35. g3 g6 0-1